000 00460nam a2200193Ia 4500
008 140306s9999 xx 000 0 und d
020 _a0 7494 1702 1
041 _aeng
082 _a658 .56
_bBRE/FO
100 _aBrelin, Harvery K
245 _aFocused quality
250 _a1
260 _aLondon
_bKogan Page Limited
_c1994
300 _a193
365 _bU.K.P.25
650 _aQuality managemetn
650 _aquality survey
942 _2ddc
_cBK
999 _c184890
_d184890